| 000 | 00779nam a2200277 a 4500 | ||
|---|---|---|---|
| 999 |
_c5843 _d5843 |
||
| 001 | 5843 | ||
| 003 | BD-JhCC | ||
| 005 | 20171228121310.0 | ||
| 008 | 171228s2014 coua 001 0 eng d | ||
| 020 | _a9780982978658 (alk. paper) | ||
| 020 | _a0965853411 | ||
| 035 | _a(BD-JhCC)5843 | ||
| 040 |
_aBD-JhCC _erda _cDLC _dBD-JhCC |
||
| 041 | _aeng | ||
| 082 |
_a611 _bBIE 2001 |
||
| 100 | 1 | _aBiel, Andrew. | |
| 245 | 1 | 0 |
_aTrail guide to the body : _ba hands-on guide to locating muscles, bones and more / _cAndrew Biel. |
| 250 | _a5th edition. | ||
| 260 |
_aU.S. A _bBooks of Dictionary _c2001. |
||
| 263 | _a1405 | ||
| 300 |
_a340 p. : _bill. ; _c28 cm. |
||
| 504 | _aIncludes Index and Bibliography | ||
| 650 | _aHuman anatomy | ||
| 942 |
_2ddc _cBK |
||